[Event "25th Zadar Open 2018"]
[Site "Zadar"]
[Date "2018.12.18"]
[Round "5.1"]
[White "Livaic, Leon"]
[Black "Omelja, Artem"]
[Result "1/2-1/2"]
[WhiteElo "2474"]
[BlackElo "2457"]
[Annotator "TA"]
[PlyCount "75"]
[EventDate "2018.12.15"]
[EventType "swiss"]
[EventCountry "CRO"]
[SourceTitle "playchess.com"]
[Source "ChessBase"]
[SourceQuality "1"]

{[%evp 16,75,15,27,17,24,16,13,31,-11,10,-14,-28,-19,0,-8,-18,-28,-21,-52,-55,-93,-68,-69,-91,-124,-122,-175,-192,-174,-175,-186,-101,-106,-99,-128,-129,-179,-177,-158,-172,-156,-33,-88,-97,-83,-64,-64,-71,-82,-8,-6,-4,-7,0,0,0,0,0,0,0,0]} 1. e4 e5 {[%cal Be7e5,Be5d4][%mdl 32]} 2. Nf3 Nc6 3. d4 exd4 4. Bc4 Bc5 5. c3 Nf6 6. e5 d5 7. Be2 {C54: Giuoco Piano: 4 c3 Nf6, main lines with 5 d4 and 5 d3} (7. Bb5 Ne4 8. cxd4 Bb6 9. Nc3 O-O 10. Be3 Bg4 11. h3 Bh5 12. Qc2 Bg6 13. Qb3 Ne7 14. O-O c6 15. Bd3 Kh8 16. Nh4 c5 17. Nxg6+ fxg6 18. Bxe4 cxd4 19. Nxd5 Nxd5 {1-0 (51) Jones,G (2677)-Aronian,L (2780) Douglas 2018}) 7... Ne4 8. cxd4 Bb4+ 9. Bd2 {LiveBook: 15 Games} Bxd2+ 10. Nbxd2 O-O 11. O-O Bg4 12. Nb3 f6 13. Ne1 $146 ({Predecessor:} 13. exf6 Qxf6 14. Nc5 Nxc5 15. dxc5 {1-0 (49) Admiraal,M (1612)-Ekholm,R Venlo 2007}) 13... Bxe2 14. Qxe2 fxe5 15. f3 Ng5 ({Of course not} 15... Nxd4 $6 16. Nxd4 exd4 17. fxe4 $16) 16. dxe5 Ne6 17. Nd3 b6 $1 18. f4 {Strongly threatening Qg4.} Ne7 $1 19. g4 {Threatening f5.} g6 $1 20. Kh1 c5 $36 {[%mdl 2048] Hoping for ...c4. Black is in control.} 21. f5 (21. Qg2 $17) 21... gxf5 $19 22. gxf5 Nxf5 23. Nf4 {[#]} Nfg7 ({Black should try} 23... Nxf4 $1 $19 24. Rxf4 Ng7 25. Rxf8+ Qxf8) 24. Nxe6 $17 Nxe6 25. Rxf8+ Nxf8 26. Qg2+ Ng6 27. Rd1 d4 28. Nd2 Rc8 (28... Kh8 $17 29. Qe4 Ne7) 29. Ne4 $15 {[#] Black should prevent Nd6.} Qe7 $1 {[%cal Re7e5]} 30. Nd6 Rf8 31. Qd5+ $1 Kh8 32. e6 Qf6 ({Black should play} 32... Rf6 $17 33. Re1 Qf8 34. Nf7+ Kg7) 33. Nf7+ $11 {The position is equal.} Kg7 {...Re8 is the strong threat.} 34. Re1 Re8 35. Nd6 Rf8 {And now ...Qf1+! would win.} 36. Nf7 Re8 37. Nd6 Rf8 {Threatens to win with ...Qf1+!} 38. Nf7 {Precision: White = 49%, Black = 47%.} 1/2-1/2

[Event "25th Zadar Open 2018"]
[Site "Zadar"]
[Date "2018.12.18"]
[Round "5.2"]
[White "Brkic, Ante"]
[Black "Cvitan, Ognjen"]
[Result "1/2-1/2"]
[WhiteElo "2563"]
[BlackElo "2503"]
[Annotator "ChessBase"]
[PlyCount "51"]
[EventDate "2018.12.15"]
[EventType "swiss"]
[EventCountry "CRO"]
[SourceTitle "playchess.com"]
[Source "ChessBase"]
[SourceQuality "1"]
[TimeControl "40/5400+30:1800+30"]

1. e4 {[%emt 0:00:30]} c6 {[%emt 0:00:30]} 2. d4 {[%emt 0:00:00]} d5 {[%emt 0:00:30]} 3. Nc3 {[%emt 0:00:00]} dxe4 {[%emt 0:00:30]} 4. Nxe4 {[%emt 0:00:30]} Bf5 {[%emt 0:00:30]} 5. Ng3 {[%emt 0:00:00]} Bg6 {[%emt 0:00:30]} 6. h4 {[%emt 0:00:00]} h6 {[%emt 0:00:30]} 7. Nf3 {[%emt 0:00:30]} e6 {[%emt 0:01:30]} 8. Ne5 {[%emt 0:00:00]} Bh7 {[%emt 0:00:30]} 9. Bd3 {[%emt 0:00:00]} Bxd3 {[%emt 0:01:30]} 10. Qxd3 {[%emt 0:00:30]} Nd7 {[%emt 0:01:30]} 11. f4 {[%emt 0:00:30]} Be7 {[%emt 0:02:30]} 12. Bd2 {[%emt 0:00:30]} Nxe5 {[%emt 0:02:30]} 13. fxe5 {[%emt 0:00:30]} Bxh4 {[%emt 0:01:30]} 14. O-O-O {[%emt 0:00:00]} Bxg3 {[%emt 0:00:30]} 15. Qxg3 {[%emt 0:00:00]} Ne7 {[%emt 0:00:30]} 16. Qxg7 {[%emt 0:00:30]} Rg8 {[%emt 0:00:30]} 17. Qxh6 {[%emt 0:00:30]} Qd5 {[%emt 0:00:30]} 18. Kb1 {[%emt 0:00:30]} O-O-O {[%emt 0:00:30]} 19. Qf6 {[%emt 0:00:30]} Rxg2 {[%emt 0:01:30]} 20. Bc3 {[%emt 0:00:30]} Nf5 {[%emt 0:00:30]} 21. Qxf7 {[%emt 0:00:30]} Rg7 {[%emt 0:01:30]} 22. Qh5 {[%emt 0:00:30]} Ng3 {[%emt 0:00:30]} 23. Qh6 {[%emt 0:00:00]} Nf5 {[%emt 0:00:00]} 24. Qh5 {[%emt 0:02:00]} Ng3 {[%emt 0:00:00]} 25. Qh6 {[%emt 0:00:30]} Nf5 {[%emt 0:00:30]} 26. Qh5 {[%emt 0:00:00]} 1/2-1/2

[Event "25th Zadar Open 2018"]
[Site "Zadar"]
[Date "2018.12.18"]
[Round "5.3"]
[White "Tomazini, Zan"]
[Black "Djukic, Nikola"]
[Result "1-0"]
[WhiteElo "2437"]
[BlackElo "2574"]
[Annotator "RC"]
[PlyCount "69"]
[EventDate "2018.12.15"]
[EventType "swiss"]
[EventCountry "CRO"]
[SourceTitle "playchess.com"]
[Source "ChessBase"]
[SourceQuality "1"]
[TimeControl "40/5400+30:1800+30"]

1. e4 {[%emt 0:00:30]} c5 {[%emt 0:08:30]} 2. Nf3 {[%emt 0:00:30]} Nc6 {[%emt 0:00:00]} 3. c3 {[%emt 0:00:00]} Nf6 {[%emt 0:00:00]} 4. e5 {[%emt 0:00:00]} Nd5 {[%emt 0:00:30]} 5. d4 {[%emt 0:00:00]} cxd4 {[%emt 0:00:00]} 6. cxd4 {[%emt 0:00:00]} d6 {[%emt 0:00:00]} 7. Bc4 {[%emt 0:00:30]} dxe5 {[%emt 0:00:00]} 8. Nxe5 {[%emt 0:00:30]} Be6 {[%emt 0:00:00]} 9. Nd2 {[%emt 0:12:30]} g6 {[%emt 0:26:30]} 10. Ndf3 {[%emt 0:02:30]} Bg7 {[%emt 0:13:30]} 11. Ng5 {[%emt 0:04:30]} Nxe5 {[%emt 0:11:30]} 12. Nxe6 {[%emt 0:01:30]} fxe6 {[%emt 0:00:30]} 13. dxe5 {[%emt 0:00:30]} O-O {[%emt 0:01:30]} 14. O-O {[%emt 0:01:30]} Kh8 {[%emt 0:00:30]} 15. f4 {[%emt 0:07:30]} Qb6+ {[%emt 0:05:30]} 16. Kh1 {[%emt 0:00:30]} Rad8 {[%emt 0:00:30]} 17. Qb3 {[%emt 0:05:30]} Qd4 {[%emt 0:10:45]} 18. Rd1 {[%emt 0:14:30]} Qe4 {[%emt 0:00:14]} 19. Bd3 {[%emt 0:00:30]} Qb4 {[%emt 0:00:11]} 20. Bc4 {[%emt 0:00:00]} g5 {[%emt 0:05:55]} 21. Qxb4 {[%emt 0:14:00]} Nxb4 {[%emt 0:00:07]} 22. Bd2 {[%emt 0:00:30]} Nd5 {[%emt 0:11:21]} 23. fxg5 {[%emt 0:03:30]} Bxe5 {[%emt 0:00:05]} 24. Bxd5 {[%emt 0:04:30]} Rxd5 {[%emt 0:00:37]} 25. Bb4 {[%emt 0:01:30]} Bxb2 {[%emt 0:01:00]} 26. Rab1 {[%emt 0:02:30]} Rxd1+ {[%emt 0:00:36]} 27. Rxd1 {[%emt 0:00:30]} Rf7 {[%emt 0:00:26]} 28. g3 {[%emt 0:01:30]} Kg7 {[%emt 0:01:11]} 29. Rd7 {[%emt 0:00:30]} Kg6 {[%emt 0:00:18]} 30. h4 {[%emt 0:13:15]} e5 {[%emt 0:00:36]} 31. Rxb7 {[%emt 0:00:33]} Bd4 {[%emt 0:01:18]} 32. Rxe7 {[%emt 0:00:20]} Rf2 {[%emt 0:01:06]} 33. g4 {[%emt 0:02:59]} Rxa2 {[%emt 0:00:17]} 34. Rd7 {[%emt 0:01:50]} Bf2 {[%emt 0:00:49]} 35. Bf8 {[%emt 0:00:16]} 1-0

[Event "25th Zadar Open 2018"]
[Site "Zadar"]
[Date "2018.12.18"]
[Round "5.4"]
[White "Saric, Ibro"]
[Black "Rezan, Sasa"]
[Result "1/2-1/2"]
[WhiteElo "2559"]
[BlackElo "2421"]
[Annotator "TA"]
[PlyCount "31"]
[EventDate "2018.12.15"]
[EventType "swiss"]
[EventCountry "CRO"]
[SourceTitle "playchess.com"]
[Source "ChessBase"]
[SourceQuality "1"]

{[%evp 12,31,0,0,23,0,6,0,7,0,0,0,0,-7,0,0,0,-6,-6,-21,-16,-8]} 1. Nf3 Nf6 2. g3 e6 3. Bg2 d5 4. O-O Be7 5. c4 O-O 6. Ne5 {A14: English Opening: 1...e6 with b3 by White} (6. b3 c5 7. Bb2 b6 8. cxd5 Nxd5 9. d4 Bb7 10. dxc5 Bxc5 11. Nc3 Nd7 12. Nxd5 Bxd5 13. Qd3 Qe7 14. Rad1 Rfd8 15. Qc3 Nf6 16. Qe5 Rac8 17. Nh4 Bxg2 18. Rxd8+ Qxd8 19. Kxg2 {½-½ (45) So,W (2778)-Kramnik,V (2792) Paris 2018}) 6... Nbd7 7. d4 {LiveBook: 7 Games} c5 8. Nxd7 {White has an edge.} Bxd7 $146 {The position is equal.} ({Predecessor:} 8... Qxd7 9. cxd5 exd5 10. Qb3 c4 11. Qc2 Qf5 12. Qxf5 Bxf5 13. Nc3 Rfd8 14. Rd1 a6 {0-1 (53) Ramos,P-Marques,D (1539) Natal 2017}) 9. cxd5 Nxd5 {[%cal Bf6d5,Bd5b4,Bb4c6,Bc6d4,Bd4f5][%mdl 32]} 10. e4 Nb4 {Black wants to play ...cxd4.} 11. a3 Nc6 12. d5 exd5 13. exd5 Nd4 14. Be3 Nf5 15. Bf4 Bd6 16. Bxd6 1/2-1/2

[Event "25th Zadar Open 2018"]
[Site "Zadar"]
[Date "2018.12.18"]
[Round "5.5"]
[White "Martinovic, Sasa"]
[Black "Rakesh Kumar Jena"]
[Result "0-1"]
[WhiteElo "2554"]
[BlackElo "2398"]
[Annotator "TA"]
[PlyCount "62"]
[EventDate "2018.12.15"]
[EventType "swiss"]
[EventCountry "CRO"]
[SourceTitle "playchess.com"]
[Source "ChessBase"]
[SourceQuality "1"]

{[%evp 20,62,18,19,21,32,34,18,22,-33,0,-27,-12,-15,-14,-58,-55,-49,-45,-51,-49,-50,-56,-75,-75,-118,-82,-81,-10,-16,-11,-65,-66,-57,-62,-634,-618,-626,-620,-687,-672,-29997,-29998,-29998,-29999]} 1. d4 Nf6 2. c4 e6 3. Nc3 Bb4 4. g3 O-O 5. Bg2 c5 6. Nf3 cxd4 7. Nxd4 d5 8. cxd5 Nxd5 9. Qb3 Nc6 10. Nxc6 bxc6 11. O-O {LiveBook: 116 Games} Be7 {E20: Nimzo-Indian: 4 g3 and 4 f3} (11... Rb8 12. Qc2 Ba6 13. Rd1 Bxc3 14. bxc3 Qa5 15. Bb2 Bc4 16. Rd4 Qa6 17. e4 Nb6 18. a4 e5 19. Rd2 Qa5 20. Rd6 c5 21. Bh3 Nc8 22. Rd2 Nb6 23. Rd6 Nc8 24. Rd2 Nb6 25. Rd6 {½-½ (25) Vachier Lagrave,M (2789)-Aronian,L (2764) Stavanger 2018}) 12. Rd1 {Black must now prevent e4.} Qb6 $146 ({Predecessor:} 12... Ba6 13. e4 Rb8 14. exd5 Rxb3 15. axb3 cxd5 16. Rxa6 Qb8 17. Be3 Qxb3 18. Rxa7 Bf6 19. Rd2 {1-0 (40) Khalifman,A (2650)-Epishin,V (2645) Yerevan 1996}) 13. Qc2 Ba6 {The position is equal.} 14. a3 ({White should play} 14. Bd2 $11) 14... Rab8 15. e4 Nxc3 16. Qxc3 Bc5 {And now ...Be2 would win.} 17. Qc2 Bd4 18. Rb1 Rfd8 {Hoping for ...Bxf2+!} 19. Bf3 $1 Qb3 20. Qxb3 Rxb3 21. Be3 e5 22. Kg2 {[#]} c5 $1 $36 {[%mdl 2048] Black is really pushing.} 23. Rbc1 c4 ({Much worse is} 23... Rxb2 $6 24. Rxc5 g6 {[#]} 25. Rxe5 $1 $11 {[%mdl 512]}) (23... Rdb8 $17 24. Bxd4 cxd4) 24. Be2 Rxb2 25. Bxc4 (25. Bxd4 $11 Rxe2 26. Bxe5) 25... Bb7 $15 26. Kf3 Rd6 27. Bd5 $2 {[%mdl 8192]} (27. h4 $15) 27... Rf6+ $19 28. Kg4 Bxe3 29. fxe3 Ba6 30. Kh3 Rh6+ 31. Kg4 Be2+ {[%mdl 64] Double Attack. Accuracy: White = 35%, Black = 77%.} 0-1

[Event "25th Zadar Open 2018"]
[Site "Zadar"]
[Date "2018.12.18"]
[Round "5.6"]
[White "Blagojevic, Dragisa"]
[Black "Jakic, Ivan"]
[Result "1-0"]
[WhiteElo "2497"]
[BlackElo "2393"]
[Annotator "TA"]
[PlyCount "167"]
[EventDate "2018.12.15"]
[EventType "swiss"]
[EventCountry "CRO"]
[SourceTitle "playchess.com"]
[Source "ChessBase"]
[SourceQuality "1"]

{[%evp 22,167,85,86,98,108,98,100,91,97,112,113,102,93,111,90,141,132,147,112,106,88,77,31,50,41,35,41,108,108,97,90,120,99,104,100,124,127,135,115,113,100,132,108,130,0,132,108,105,104,93,70,97,86,81,65,109,111,120,110,129,132,118,108,116,115,110,96,163,152,134,133,177,118,186,175,148,162,254,151,251,236,233,233,255,256,243,244,270,188,140,0,253,0,127,116,325,160,254,226,273,216,241,245,433,238,217,223,530,540,535,539,533,541,538,540,540,507,533,533,533,531,507,493,724,716,684,579,1276,1090,4926,4926,29971,29972,29975,29976,29976,29977,29977,29978,29978,29979,29979,29980,29980,29981,29981,29982]} 1. d4 Nf6 2. c4 Nc6 3. Nf3 e6 4. g3 d5 5. Bg2 dxc4 6. Qa4 Bb4+ 7. Bd2 Nd5 8. Bxb4 Ndxb4 9. O-O O-O 10. a3 Nd5 {[%cal Bb4d5,Bd5b6,Bb6a4][%mdl 32]} 11. Qxc4 Nb6 {E04: Open Catalan: 5 Nf3} (11... Bd7 12. Nbd2 Na5 13. Qc2 Bb5 14. Ne4 h6 15. Rfe1 Rc8 16. Nc3 Nxc3 17. Qxc3 Nc4 18. a4 Ba6 19. b4 {1-0 (39) Smirnov,P (2592)-Savchenko,B (2598) Khanty-Mansiysk 2014}) 12. Qc3 {LiveBook: 4 Games} Qe7 13. Nbd2 Rd8 $146 {White is better.} ({Predecessor:} 13... Re8 14. Rac1 e5 15. dxe5 Bg4 16. e3 Rad8 17. h3 Bc8 18. Nd4 Nxe5 19. Qxc7 {½-½ (87) Yuferev,O (2250)-Zhdanov,P (2021) Kazan 2014}) 14. Rac1 Bd7 15. Nb3 Na4 16. Qc2 Be8 17. Rfd1 Rac8 18. Ne1 Qf6 ({Better is} 18... Nb6) 19. e3 e5 20. d5 Ne7 21. Na5 Rb8 22. e4 (22. Qxc7 $6 Nxb2 23. Rd2 Rbc8 $15) 22... b6 $1 {[%cal Rb6a5]} 23. Nc4 Nc5 $1 24. b3 Ng6 ({Black should play} 24... c6 $1 $14) 25. Nd3 Nxd3 26. Rxd3 c5 27. Qb2 Qe7 28. Ne3 Bb5 29. Rdc3 a5 30. b4 cxb4 31. axb4 a4 32. Bh3 Qg5 33. Bg2 (33. Bf1 $16 Bxf1 34. Kxf1 (34. Rxf1 b5 $16) (34. Nxf1 f5 $14)) 33... Ra8 (33... Qe7 $1 $11) 34. Nc2 Qd2 {[#] White must now prevent ...Rac8.} 35. Qa1 $1 Bd7 36. Na3 b5 37. Rd1 Qg5 38. Qb2 Qe7 39. Bf1 Rab8 40. Rc5 Qe8 41. Bd3 Rb6 42. Rdc1 Rdb8 43. Rc7 h5 44. Ra7 Bh3 (44... h4 $16) 45. Bf1 Bxf1 46. Kxf1 Rf6 47. Rac7 (47. Rcc7 $18) 47... Qd8 (47... h4 $16 48. Qe2 Nf8) 48. Qe2 h4 49. Qg4 Nf8 (49... hxg3 $142 50. Rc8 (50. hxg3 Nf8 $16) 50... gxh2 51. Rxd8+ Rxd8) 50. Kg2 ({Only move:} 50. Qxh4 $18 Qe8 51. Kg2) 50... Qd6 (50... Rd6 $16 {was worth a try.} 51. Qh5 (51. Qxh4 Qxh4 52. gxh4 f5 $16) 51... Qf6) 51. R1c5 hxg3 52. hxg3 (52. fxg3 $6 Ne6 $16) 52... Rg6 53. Qh4 Rh6 54. Qg5 Ng6 55. Qf5 Ne7 56. Qg5 $40 {[%mdl 128] White attacks.} (56. Qf3 $16) 56... Ng6 $1 $18 {Now ...Nf4+ and Black clings on.} 57. Qf5 (57. Kg1 $18) 57... Ne7 $16 58. Qg4 {Strongly threatening Kg1.} f5 $2 (58... Qf6 $16) 59. exf5 (59. Qg5 $18 {and the rest is easy.}) 59... Rf6 (59... Qf6 $16) 60. Kg1 Rf7 61. Qe4 Qf6 62. Nxb5 (62. Rxb5 $6 Rxb5 63. Nxb5 Qxf5 $16) 62... Rbf8 $2 (62... Nxf5 63. R7c6 Nxg3) 63. d6 (63. g4 $142) 63... Nxf5 $18 64. Rxf7 {[%mdl 64] Overworked Piece} ({Don't take} 64. Qxe5 $6 Qxe5 65. Rxe5 Nxd6 $16) (64. Rxe5 Nxd6 65. Rxf7 Qxf7 $14) 64... Rxf7 $2 (64... Qxf7 65. Qd5 (65. Qxe5 Nxd6 66. Qe2 Nxb5 $11) 65... Qxd5 66. Rxd5 Rd8) 65. Rc8+ Kh7 66. g4 Qg6 {and the idea ...Nh4 leaves Black hopeful.} 67. d7 Rxd7 {( -> ...Rd1+)} 68. Qxf5 Qxf5 69. gxf5 {[%mdl 4096] Endgame KRN-KR} Rb7 70. Rc5 Kh6 71. Rxe5 Kg5 72. Rc5 Kf4 (72... a3 $142 73. Nxa3 Rxb4) 73. Kg2 Rb8 74. Nc7 Ke4 75. Ra5 Rxb4 76. Ne6 Kd3 {[#]} 77. Rxa4 $1 {[%mdl 576] Decoy. White mates.} Rxa4 {KR-KN} 78. Nc5+ Kd4 79. Nxa4 Ke5 80. Kg3 Kxf5 81. Nc5 Kg5 82. Ne4+ Kf5 83. f3 g5 84. Nf2 {Accuracy: White = 61%, Black = 44%.} 1-0

[Event "25th Zadar Open 2018"]
[Site "Zadar"]
[Date "2018.12.18"]
[Round "5.7"]
[White "Loncar, Robert"]
[Black "Krzyzanowski, Marcin"]
[Result "1/2-1/2"]
[WhiteElo "2397"]
[BlackElo "2491"]
[Annotator "ChessBase"]
[PlyCount "101"]
[EventDate "2018.12.15"]
[EventType "swiss"]
[EventCountry "CRO"]
[SourceTitle "playchess.com"]
[Source "ChessBase"]
[SourceQuality "1"]
[TimeControl "40/5400+30:1800+30"]

1. Nf3 {[%emt 0:00:30]} Nf6 {[%emt 0:00:30]} 2. c4 {[%emt 0:00:00]} g6 {[%emt 0:00:30]} 3. Nc3 {[%emt 0:00:00]} Bg7 {[%emt 0:04:30]} 4. e4 {[%emt 0:00:30]} O-O {[%emt 0:04:30]} 5. d4 {[%emt 0:00:30]} c5 {[%emt 0:00:30]} 6. d5 {[%emt 0:00:30]} d6 {[%emt 0:00:30]} 7. h3 {[%emt 0:00:30]} e6 {[%emt 0:00:30]} 8. Bd3 {[%emt 0:03:30]} exd5 {[%emt 0:00:30]} 9. exd5 {[%emt 0:00:00]} Re8+ {[%emt 0:01:30]} 10. Kf1 {[%emt 0:00:00]} Nbd7 {[%emt 0:03:30]} 11. g4 {[%emt 0:10:30]} a6 {[%emt 0:03:30]} 12. a4 {[%emt 0:01:30]} Rb8 {[%emt 0:02:30]} 13. Bg5 {[%emt 0:16:30]} Ne5 {[%emt 0:05:30]} 14. Nxe5 {[%emt 0:00:30]} Rxe5 {[%emt 0:00:30]} 15. Qd2 {[%emt 0:01:30]} Qf8 {[%emt 0:03:30]} 16. Bf4 {[%emt 0:01:30]} Re8 {[%emt 0:02:30]} 17. Kg2 {[%emt 0:06:30]} Nd7 {[%emt 0:05:30]} 18. Rhe1 {[%emt 0:08:30]} Ne5 {[%emt 0:05:30]} 19. Bf1 {[%emt 0:01:30]} Bd7 {[%emt 0:02:30]} 20. Bg3 {[%emt 0:05:30]} f5 {[%emt 0:06:30]} 21. f4 {[%emt 0:02:30]} Nf7 {[%emt 0:01:30]} 22. g5 {[%emt 0:01:30]} Rxe1 {[%emt 0:01:30]} 23. Bxe1 {[%emt 0:01:30]} Qd8 {[%emt 0:05:30]} 24. h4 {[%emt 0:02:30]} Qe7 {[%emt 0:08:30]} 25. Bd3 {[%emt 0:02:30]} Re8 {[%emt 0:05:30]} 26. Bf2 {[%emt 0:04:30]} Qd8 {[%emt 0:00:30]} 27. a5 {[%emt 0:02:30]} b6 {[%emt 0:02:30]} 28. Ne2 {[%emt 0:07:34]} b5 {[%emt 0:05:39]} 29. Ra2 {[%emt 0:03:22]} Qb8 {[%emt 0:06:10]} 30. b3 {[%emt 0:02:19]} bxc4 {[%emt 0:00:09]} 31. bxc4 {[%emt 0:02:36]} Qb3 {[%emt 0:00:10]} 32. h5 {[%emt 0:05:32]} Rb8 {[%emt 0:10:06]} 33. Rc2 {[%emt 0:01:26]} Qa3 {[%emt 0:01:08]} 34. h6 {[%emt 0:00:27]} Bh8 {[%emt 0:00:07]} 35. Ra2 {[%emt 0:01:30]} Qb3 {[%emt 0:00:08]} 36. Be1 {[%emt 0:01:44]} Nd8 {[%emt 0:01:07]} 37. Rc2 {[%emt 0:00:41]} Qa3 {[%emt 0:02:16]} 38. Qe3 {[%emt 0:01:14]} Nf7 {[%emt 0:00:54]} 39. Bc3 {[%emt 0:00:39]} Re8 {[%emt 0:00:28]} 40. Qd2 {[%emt 0:00:00]} Bxc3 {[%emt 0:00:00]} 41. Rxc3 {[%emt 0:00:56]} Qb4 {[%emt 0:04:38]} 42. Qc1 {[%emt 0:10:30]} Rb8 {[%emt 0:03:30]} 43. Rc2 {[%emt 0:03:30]} Qb1 {[%emt 0:11:19]} 44. Qd2 {[%emt 0:04:09]} Qb4 {[%emt 0:00:09]} 45. Qc1 {[%emt 0:03:34]} Qb1 {[%emt 0:00:19]} 46. Qe3 {[%emt 0:03:48]} Kf8 {[%emt 0:01:26]} 47. Qd2 {[%emt 0:01:05]} Qb4 {[%emt 0:03:08]} 48. Qc1 {[%emt 0:00:39]} Qb1 {[%emt 0:02:44]} 49. Qd2 {[%emt 0:00:31]} Qb4 {[%emt 0:01:13]} 50. Qc1 {[%emt 0:00:54]} Qb1 {[%emt 0:00:48]} 51. Qd2 {[%emt 0:00:01]} 1/2-1/2

[Event "25th Zadar Open 2018"]
[Site "Zadar"]
[Date "2018.12.18"]
[Round "5.8"]
[White "Loiseau, Quentin"]
[Black "Nielsen, Rogvi Egilstoft"]
[Result "1-0"]
[WhiteElo "2443"]
[BlackElo "2339"]
[Annotator "TA"]
[PlyCount "55"]
[EventDate "2018.12.15"]
[EventType "swiss"]
[EventCountry "CRO"]
[SourceTitle "playchess.com"]
[Source "ChessBase"]
[SourceQuality "1"]

{[%evp 20,55,22,10,8,19,17,24,54,18,10,-15,-23,-17,29,-25,108,105,134,132,303,166,320,314,508,503,772,772,733,644,676,675,669,657,1017,1016,29985,1240]} 1. Nf3 Nf6 2. c4 b6 3. d4 e6 4. g3 Bb4+ 5. Bd2 a5 6. Bg2 Bb7 7. O-O O-O 8. Bg5 Be7 9. Re1 {E16: Queen's Indian: 4 g3 Bb7 5 Bg2 Bb4+} Ne4 10. Bxe7 Qxe7 11. Nfd2 {LiveBook: 3 Games. The position is equal.} f5 12. Nxe4 $146 ({Predecessor:} 12. Qc2 Nc6 13. Nxe4 Nb4 14. Qc3 Bxe4 15. f3 Bb7 16. a3 {1-0 (32) Arun Prasad,S (2552)-Swinkels,R (2499) Maastricht 2009}) 12... fxe4 13. Nc3 d5 14. Qb3 {[%cal Rc4d5]} a4 15. Nxa4 Qf6 16. e3 Qxf2+ 17. Kh1 {Strongly threatening Rf1.} dxc4 (17... Nd7 $11 {keeps the balance.}) 18. Qxc4 $16 {Threatens to win with Rf1.} Bd5 19. Qxc7 {Hoping for Rf1.} Rf7 $2 ({Don't go for} 19... Rxa4 $2 20. Rf1) (19... Na6 $16 20. Qe7 (20. Qxb6 Qc2 $16) 20... Qf7 21. Qxf7+ Rxf7) 20. Qd8+ $18 ({Weaker is} 20. Qxb6 Nd7 $16) 20... Rf8 21. Qd6 Rxa4 $2 (21... Nc6 {might work better.}) 22. Rf1 Nc6 (22... Rxa2 $142 23. Rxa2 Qxf1+ 24. Bxf1 Bxa2) 23. Rxf2 Rxf2 24. Kg1 Rf8 {[#]} 25. Bxe4 $1 {[%mdl 512]} Rd8 (25... Bxe4 26. Qxe6+) 26. Qf4 Nxd4 27. exd4 Rxd4 {[#]} 28. Bxh7+ $1 {Accuracy: White = 85%, Black = 40%.} 1-0

[Event "25th Zadar Open 2018"]
[Site "Zadar"]
[Date "2018.12.18"]
[Round "5.9"]
[White "Petrov, Nikita"]
[Black "Biliskov, Vjekoslav"]
[Result "1-0"]
[WhiteElo "2593"]
[BlackElo "2313"]
[Annotator "TA"]
[PlyCount "45"]
[EventDate "2018.12.15"]
[EventType "swiss"]
[EventCountry "CRO"]
[SourceTitle "playchess.com"]
[Source "ChessBase"]
[SourceQuality "1"]

{[%evp 20,45,81,68,98,92,100,91,98,53,56,56,72,44,318,298,307,309,302,294,290,250,258,254,265,252,241,241]} 1. e4 c5 2. Nf3 d6 3. d4 cxd4 4. Nxd4 Nf6 5. Nc3 Nc6 6. f3 g6 7. Be3 Bg7 8. Qd2 O-O 9. O-O-O d5 10. Kb1 e6 11. g4 {LiveBook: 3 Games. B76: Sicilian Dragon: Yugoslav Attack, 9 g4 and 9 0-0-0} Re8 12. Bb5 (12. Nxc6 bxc6 13. Bh6 Bxh6 14. Qxh6 Rb8 15. b3 Nd7 16. f4 Qa5 17. Rd3 d4 18. Nd1 Nf8 {½-½ (70) Sevian,S (2484)-Corrales Jimenez,F (2532) Saint Louis 2014}) 12... Bd7 13. Bxc6 {White is better.} Bxc6 14. e5 {[#] Hoping for Bg5.} ({Reject} 14. Nxc6 bxc6 15. h4 Nd7 $11) 14... Nd7 15. f4 {[%cal Bf3f4,Bf4f5][%mdl 32]} ({Of course not} 15. Nxc6 bxc6 16. f4 g5 $15) 15... f6 16. f5 $146 {aiming for exf6.} ({Predecessor:} 16. exf6 Nxf6 17. Rhg1 e5 18. fxe5 Rxe5 19. Nxc6 bxc6 {1-0 (35) Stachanczyk,J (2243)-Chikovani,V (2069) Albena 2012}) 16... Nf8 $2 {[%mdl 8192]} (16... fxe5 $14 17. Nxe6 Rxe6 18. fxe6 d4) 17. g5 $18 fxe5 18. Nxc6 {[%mdl 64] [#] Discovered Attack} bxc6 19. f6 d4 20. fxg7 Kxg7 21. Ne4 dxe3 22. Qc3 (22. Qxe3 $6 Qc7 $18) 22... Qc7 23. Rd6 {Accuracy: White = 90%, Black = 37%.} ({Don't play} 23. Qxe3 $6 Red8 $16) 1-0